[Event "St Petersburg-ch U18"]
[Site "St Petersburg"]
[Date "2006.12.17"]
[Round "6"]
[White "Molchanov, Mikhail"]
[Black "Airumian, Sergei"]
[Result "1/2-1/2"]
[WhiteElo "1987"]
[BlackElo "2100"]
[PlyCount "64"]
[EventDate "2006.11.12"]
[EventType "swiss"]
[EventRounds "7"]
[EventCountry "RUS"]
[SourceTitle "EXT 2019"]
[Source "ChessBase"]
[SourceDate "2018.10.10"]
[SourceVersion "1"]
[SourceVersionDate "2018.10.10"]
[SourceQuality "1"]

1. e4 c5 2. Nf3 e6 3. d4 cxd4 4. Nxd4 Nf6 5. Nc3 d6 6. g4 Be7 7. g5 Nfd7 8. h4 Nb6 9. Be3 Nc6 10. f4 d5 11. e5 Bd7 12. Qf3 Bb4 13. Nxc6 Bxc6 14. Bd4 Nc4 15. 0-0-0 Qa5 16. Kb1 Nxb2 17. Kxb2 Qa3+ 18. Kb1 Bxc3 19. Qxc3 Qxc3 20. Bxc3 d4 21. Rh3 dxc3 22. Rxc3 h6 23. Kb2 hxg5 24. hxg5 Ke7 25. Rh3 Rxh3 26. Bxh3 Rh8 27. Bf1 Rh2 28. Rd4 Rf2 29. Bd3 f6 30. exf6+ gxf6 31. gxf6+ Kxf6 32. Kc3 Rf3 1/2-1/2

[Event "Autumn on Petrograd Side"]
[Site "St Petersburg"]
[Date "2006.09.21"]
[Round "4"]
[White "Shlakich, Anna"]
[Black "Molchanov, Mikhail"]
[Result "1-0"]
[WhiteElo "2077"]
[BlackElo "2033"]
[PlyCount "73"]
[EventDate "2006.09.18"]
[EventType "swiss"]
[EventRounds "9"]
[EventCountry "RUS"]
[SourceTitle "EXT 2022"]
[Source "ChessBase"]
[SourceDate "2021.10.06"]
[SourceVersion "1"]
[SourceVersionDate "2021.10.06"]
[SourceQuality "1"]

1. e4 e5 2. Bc4 Bc5 3. Nf3 Nc6 4. c3 Nf6 5. d3 d6 6. 0-0 0-0 7. Re1 a6 8. Bb3 Ne7 9. Nbd2 Ng6 10. Nf1 h6 11. Ng3 Re8 12. d4 Bb6 13. Bc2 Bg4 14. Be3 exd4 15. cxd4 Ba5 16. Rf1 Nh4 17. Qe2 Nd7 18. Kh1 Qf6 19. Bd1 Bb6 20. Rc1 Rac8 21. b4 Nxf3 22. gxf3 Bh3 23. Rg1 Qh4 24. f4 Nf6 25. f3 Nh5 26. Nxh5 Qxh5 27. Qf2 Bd7 28. Be2 f6 29. Rg3 Kh8 30. Rcg1 Re7 31. Qg2 Qf7 32. f5 c5 33. Rg6 cxd4 34. Bxh6 gxh6 35. Rxh6+ Qh7 36. Qg6 Rf8 37. Bc4 1-0